[Event "DEM U14 2021"]
[Site "Willingen GER"]
[Date "2021.08.27"]
[Round "7"]
[White "Müller, Maximilian"]
[Black "Guo, Philipp Ziming"]
[Result "1/2-1/2"]
[Termination "normal"]
[Board "13"]
[WhiteElo "1651"]
[BlackElo "1728"]
[WhiteClock "00:08:57"]
[BlackClock "00:06:49"]
[PlyCount "61"]
[WhiteFideId "16243552"]
[BlackFideId "16245199"]
[EventCountry "GER"]
[EventRounds "9"]
[EventType "swiss"]
[EventDate "2021.08.22"]

1. e4 {[%clk 1:30:59]} c5 {[%clk 1:30:51]} 2. Nf3 {[%clk 1:31:26]} d6 {[%clk
1:31:09]} 3. Bb5+ {[%clk 1:31:51]} Nd7 {[%clk 1:31:14]} 4. d4 {[%clk 1:32:12]}
cxd4 {[%clk 1:31:28]} 5. Qxd4 {[%clk 1:32:39]} a6 {[%clk 1:31:44]} 6. Bxd7+
{[%clk 1:33:03]} Bxd7 {[%clk 1:32:05]} 7. c4 {[%clk 1:33:30]} Nf6 {[%clk
1:31:49]} 8. Bg5 {[%clk 1:33:30]} e6 {[%clk 1:30:25]} 9. Nc3 {[%clk 1:33:49]}
Be7 {[%clk 1:29:28]} 10. O-O {[%clk 1:33:57]} Qc7 {[%clk 1:24:34]} 11. Rac1
{[%clk 1:28:36]} Bc6 {[%clk 1:12:46]} 12. Rfd1 {[%clk 1:22:40]} Rd8 {[%clk
1:07:51]} 13. b4 {[%clk 1:14:53]} O-O {[%clk 1:00:17]} 14. b5 {[%clk 1:15:02]}
Be8 {[%clk 0:58:57]} 15. h3 {[%clk 1:07:46]} Kh8 {[%clk 0:47:49]} 16. a4 {[%clk
1:01:51]} h6 {[%clk 0:41:03]} 17. Be3 {[%clk 1:01:59]} Nd7 {[%clk 0:33:21]} 18.
Qd3 {[%clk 0:47:06]} Nc5 {[%clk 0:31:00]} 19. Qc2 {[%clk 0:46:23]} Bf6 {[%clk
0:25:22]} 20. Nd4 {[%clk 0:44:45]} Bd7 {[%clk 0:24:27]} 21. Nde2 {[%clk
0:37:49]} Bc8 22. Bf4 {[%clk 0:27:58]} Be7 {[%clk 0:17:46]} 23. Qb2 {[%clk
0:23:31]} Kg8 24. Bg3 {[%clk 0:16:06]} b6 {[%clk 0:10:41]} 25. Qc2 {[%clk
0:15:11]} a5 {[%clk 0:10:32]} 26. Nd4 {[%clk 0:14:14]} Bb7 {[%clk 0:10:29]} 27.
f3 {[%clk 0:14:27]} Bf6 {[%clk 0:09:29]} 28. Nce2 {[%clk 0:11:39]} Rd7 {[%clk
0:07:09]} 29. Kh1 {[%clk 0:11:19]} Rc8 {[%clk 0:07:00]} 30. Qa2 {[%clk
0:10:16]} Qd8 {[%clk 0:06:49]} 31. Nb3 {[%clk 0:08:57]} 1/2-1/2

[Event "DEM U14 2021"]
[Site "Willingen GER"]
[Date "2021.08.27"]
[Round "7"]
[White "Rose, Daniel"]
[Black "Bock, Marlon"]
[Result "1-0"]
[Termination "normal"]
[Board "14"]
[WhiteElo "1848"]
[BlackElo "1767"]
[WhiteClock "00:05:32"]
[BlackClock "00:03:35"]
[PlyCount "81"]
[WhiteFideId "16242963"]
[BlackFideId "16244931"]
[EventCountry "GER"]
[EventRounds "9"]
[EventType "swiss"]
[EventDate "2021.08.22"]

1. d4 {[%clk 1:30:59]} d5 {[%clk 1:30:51]} 2. c4 {[%clk 1:31:25]} dxc4 {[%clk
1:31:09]} 3. e3 {[%clk 1:31:48]} e6 {[%clk 1:31:11]} 4. Bxc4 {[%clk 1:32:05]}
c5 {[%clk 1:31:05]} 5. Nf3 {[%clk 1:32:03]} a6 {[%clk 1:30:55]} 6. O-O {[%clk
1:31:57]} b5 {[%clk 1:29:52]} 7. Be2 {[%clk 1:32:24]} Nf6 {[%clk 1:26:22]} 8.
b3 {[%clk 1:27:27]} Be7 {[%clk 1:23:30]} 9. dxc5 {[%clk 1:26:51]} Qxd1 {[%clk
1:21:56]} 10. Rxd1 {[%clk 1:24:55]} Bxc5 {[%clk 1:21:30]} 11. Bb2 {[%clk
1:24:22]} Nbd7 {[%clk 1:18:09]} 12. Ne5 {[%clk 1:09:31]} Bb7 {[%clk 1:10:06]}
13. Nd2 {[%clk 0:59:34]} O-O {[%clk 1:05:17]} 14. a4 {[%clk 0:40:49]} b4 {[%clk
0:52:36]} 15. Ndc4 {[%clk 0:33:00]} Nxe5 {[%clk 0:50:18]} 16. Bxe5 {[%clk
0:32:34]} Nd5 {[%clk 0:44:00]} 17. Na5 {[%clk 0:32:08]} Ra7 {[%clk 0:35:35]}
18. Nxb7 {[%clk 0:31:43]} Rxb7 {[%clk 0:35:59]} 19. Rac1 {[%clk 0:29:37]} Nxe3
{[%clk 0:30:12]} 20. Rxc5 {[%clk 0:27:52]} Nxd1 21. Bxd1 f6 {[%clk 0:25:52]}
22. Bf4 {[%clk 0:25:12]} Rd8 {[%clk 0:24:19]} 23. Be2 {[%clk 0:22:28]} Rbd7
{[%clk 0:22:17]} 24. g3 {[%clk 0:22:19]} g5 {[%clk 0:21:22]} 25. Be3 {[%clk
0:22:01]} Rd5 {[%clk 0:20:56]} 26. Bxa6 {[%clk 0:20:55]} Rd1+ {[%clk 0:19:42]}
27. Kg2 {[%clk 0:21:04]} Rb1 {[%clk 0:19:17]} 28. Bc4 {[%clk 0:21:29]} Rd6
{[%clk 0:15:47]} 29. Rc8+ {[%clk 0:19:39]} Kg7 {[%clk 0:14:56]} 30. Bc5 {[%clk
0:19:49]} Rdd1 {[%clk 0:14:49]} 31. Bxe6 {[%clk 0:19:46]} h5 {[%clk 0:11:07]}
32. Rg8+ {[%clk 0:19:21]} Kh7 {[%clk 0:10:30]} 33. Re8 {[%clk 0:15:09]} Kg7
{[%clk 0:06:39]} 34. Bf8+ {[%clk 0:14:04]} Kg6 {[%clk 0:05:58]} 35. Re7 {[%clk
0:08:50]} f5 {[%clk 0:05:31]} 36. Kf3 {[%clk 0:06:34]} g4+ {[%clk 0:05:00]} 37.
Kf4 {[%clk 0:06:25]} Rd4+ {[%clk 0:05:05]} 38. Ke5 {[%clk 0:04:57]} Rd8 {[%clk
0:03:59]} 39. Bxf5+ {[%clk 0:05:17]} Kg5 {[%clk 0:03:32]} 40. f4# {[%clk
0:05:32]} gxf3 {[%clk 0:03:35]} 41. h4# 1-0

[Event "DEM U14 2021"]
[Site "Willingen GER"]
[Date "2021.08.27"]
[Round "7"]
[White "Sundui, Chinguun"]
[Black "Schön, Florian"]
[Result "1/2-1/2"]
[Termination "normal"]
[Board "15"]
[WhiteElo "1853"]
[BlackElo "1642"]
[WhiteClock "00:25:41"]
[BlackClock "00:16:17"]
[PlyCount "84"]
[WhiteFideId "4907930"]
[BlackFideId "16259394"]
[EventCountry "GER"]
[EventRounds "9"]
[EventType "swiss"]
[EventDate "2021.08.22"]

1. Nf3 {[%clk 1:30:57]} Nf6 {[%clk 1:30:47]} 2. b3 {[%clk 1:31:20]} d5 {[%clk
1:29:24]} 3. Bb2 {[%clk 1:31:43]} Bg4 {[%clk 1:27:42]} 4. e3 {[%clk 1:32:01]}
Nbd7 {[%clk 1:27:10]} 5. Be2 {[%clk 1:31:21]} e6 {[%clk 1:25:00]} 6. d3 {[%clk
1:30:37]} Bd6 {[%clk 1:24:19]} 7. h3 {[%clk 1:30:42]} Bxf3 {[%clk 1:23:35]} 8.
Bxf3 {[%clk 1:31:06]} c5 {[%clk 1:23:15]} 9. Nd2 {[%clk 1:31:07]} O-O {[%clk
1:23:00]} 10. O-O {[%clk 1:31:23]} Be5 {[%clk 1:22:20]} 11. Bxe5 {[%clk
1:27:58]} Nxe5 {[%clk 1:22:39]} 12. Qe2 {[%clk 1:27:37]} Rc8 {[%clk 1:17:31]}
13. c4 {[%clk 1:26:24]} b6 {[%clk 1:14:50]} 14. Rfd1 {[%clk 1:23:04]} Nxf3+
{[%clk 1:06:12]} 15. Nxf3 {[%clk 1:22:32]} Qe7 {[%clk 1:05:37]} 16. Ne5 {[%clk
1:20:16]} Nd7 {[%clk 0:57:26]} 17. Nxd7 {[%clk 1:19:04]} Qxd7 {[%clk 0:57:25]}
18. d4 {[%clk 1:19:23]} Rfd8 {[%clk 0:55:48]} 19. Rac1 {[%clk 1:12:37]} Qe7
{[%clk 0:49:00]} 20. cxd5 {[%clk 1:09:44]} Rxd5 {[%clk 0:41:01]} 21. e4 {[%clk
1:09:38]} Rdd8 {[%clk 0:37:44]} 22. dxc5 {[%clk 1:08:53]} Rxc5 {[%clk 0:37:21]}
23. Rxc5 {[%clk 1:08:03]} Rxd1+ {[%clk 0:37:05]} 24. Qxd1 {[%clk 1:08:25]} Qxc5
{[%clk 0:37:15]} 25. Qd8+ {[%clk 1:08:41]} Qf8 {[%clk 0:37:28]} 26. Qc7 {[%clk
1:08:56]} Qa8 {[%clk 0:37:48]} 27. a4 {[%clk 1:08:31]} g6 {[%clk 0:37:09]} 28.
f3 {[%clk 1:08:15]} Kf8 {[%clk 0:31:43]} 29. Kf2 {[%clk 1:05:29]} Ke8 {[%clk
0:31:10]} 30. Ke3 {[%clk 1:04:34]} h6 {[%clk 0:28:19]} 31. b4 {[%clk 1:02:29]}
Qd8 {[%clk 0:26:13]} 32. Qxd8+ {[%clk 0:44:41]} Kxd8 {[%clk 0:26:24]} 33. e5
{[%clk 0:42:53]} Kd7 {[%clk 0:24:35]} 34. Kd4 {[%clk 0:41:37]} Kc6 {[%clk
0:23:19]} 35. Kc4 {[%clk 0:41:36]} a5 {[%clk 0:19:10]} 36. b5+ {[%clk 0:41:27]}
Kd7 {[%clk 0:19:30]} 37. Kd4 {[%clk 0:41:15]} Ke7 {[%clk 0:19:16]} 38. f4
{[%clk 0:34:36]} Kf8 {[%clk 0:18:51]} 39. h4 {[%clk 0:31:07]} Kg7 {[%clk
0:17:37]} 40. Ke4 {[%clk 0:28:26]} Kh7 {[%clk 0:16:43]} 41. g4 {[%clk 0:28:10]}
Kg7 {[%clk 0:16:51]} 42. f5 {[%clk 0:25:41]} g5 {[%clk 0:16:17]} 1/2-1/2

[Event "DEM U14 2021"]
[Site "Willingen GER"]
[Date "2021.08.27"]
[Round "7"]
[White "Schwartz, Oliver"]
[Black "Danninger, Hugo"]
[Result "0-1"]
[Termination "normal"]
[Board "16"]
[WhiteElo "1896"]
[BlackElo "1749"]
[WhiteClock "00:29:47"]
[BlackClock "00:23:00"]
[PlyCount "94"]
[WhiteFideId "16207459"]
[BlackFideId "16271246"]
[EventCountry "GER"]
[EventRounds "9"]
[EventType "swiss"]
[EventDate "2021.08.22"]

1. d4 {[%clk 1:30:57]} d5 {[%clk 1:30:41]} 2. c4 {[%clk 1:31:18]} e6 {[%clk
1:31:01]} 3. Nc3 {[%clk 1:31:40]} Nf6 {[%clk 1:30:55]} 4. cxd5 {[%clk 1:31:49]}
exd5 {[%clk 1:30:42]} 5. Bg5 {[%clk 1:32:03]} Be7 {[%clk 1:30:57]} 6. e3 {[%clk
1:31:56]} Nbd7 {[%clk 1:31:02]} 7. Bd3 {[%clk 1:31:15]} O-O {[%clk 1:30:54]} 8.
Qc2 {[%clk 1:30:08]} c6 {[%clk 1:29:18]} 9. Nf3 {[%clk 1:28:27]} Re8 {[%clk
1:29:11]} 10. O-O {[%clk 1:28:29]} Nf8 {[%clk 1:28:59]} 11. Rab1 {[%clk
1:26:39]} a5 {[%clk 1:28:25]} 12. Rfc1 {[%clk 1:10:47]} Ng6 {[%clk 1:27:09]}
13. Na4 {[%clk 1:08:06]} Ne4 {[%clk 1:25:37]} 14. Bxe7 {[%clk 1:06:25]} Qxe7
{[%clk 1:25:57]} 15. Nc5 {[%clk 0:54:26]} Bg4 {[%clk 1:21:55]} 16. Nd2 {[%clk
0:49:27]} Nxd2 {[%clk 1:04:34]} 17. Qxd2 {[%clk 0:49:42]} Nh4 {[%clk 1:04:49]}
18. e4 {[%clk 0:19:13]} dxe4 {[%clk 0:35:38]} 19. Nxe4 {[%clk 0:18:50]} Bh3
{[%clk 0:27:04]} 20. Ng5 {[%clk 0:18:07]} Bxg2 {[%clk 0:27:13]} 21. Qf4 {[%clk
0:16:54]} Qxg5 {[%clk 0:27:09]} 22. Qxg5 {[%clk 0:17:03]} Nf3+ {[%clk 0:27:33]}
23. Kxg2 {[%clk 0:17:30]} Nxg5 {[%clk 0:27:52]} 24. b4 {[%clk 0:09:15]} axb4
{[%clk 0:22:41]} 25. Rxb4 {[%clk 0:08:31]} Re7 {[%clk 0:22:49]} 26. Rcb1 {[%clk
0:05:28]} Ra7 {[%clk 0:17:48]} 27. Rc1 {[%clk 0:04:10]} Ne6 {[%clk 0:14:54]}
28. Bc4 {[%clk 0:01:57]} Nxd4 {[%clk 0:09:38]} 29. Bxf7+ {[%clk 0:00:49]} Kxf7
{[%clk 0:08:35]} 30. Rxd4 {[%clk 0:01:17]} Rxa2 {[%clk 0:08:24]} 31. Rf4+
{[%clk 0:01:16]} Ke8 {[%clk 0:08:06]} 32. Rd1 {[%clk 0:01:32]} Rae2 {[%clk
0:06:26]} 33. Ra1 {[%clk 0:00:44]} Kd7 {[%clk 0:04:55]} 34. Rb4 {[%clk
0:00:37]} Kc7 {[%clk 0:04:54]} 35. Rc1 {[%clk 0:00:33]} R2e4 {[%clk 0:04:04]}
36. Rb3 {[%clk 0:00:43]} Ra4 {[%clk 0:04:01]} 37. Rh3 {[%clk 0:00:41]} g6
{[%clk 0:03:53]} 38. Rb3 {[%clk 0:01:05]} Ra6 {[%clk 0:03:42]} 39. Kg3 {[%clk
0:01:16]} Rb6 {[%clk 0:03:42]} 40. Rbc3 {[%clk 0:01:38]} Rb4 {[%clk 0:03:49]}
41. h4 {[%clk 0:01:04]} Ree4 {[%clk 0:27:41]} 42. f3 {[%clk 0:29:19]} Rxh4
{[%clk 0:26:55]} 43. Re3 {[%clk 0:29:45]} Rhd4 {[%clk 0:26:08]} 44. Re7+ {[%clk
0:29:26]} Rd7 {[%clk 0:26:19]} 45. Re8 {[%clk 0:29:52]} Rbd4 {[%clk 0:24:37]}
46. f4 {[%clk 0:29:56]} b5 {[%clk 0:23:00]} 47. Kg4 {[%clk 0:29:47]} Rf7 0-1

[Event "DEM U14 2021"]
[Site "Willingen GER"]
[Date "2021.08.27"]
[Round "7"]
[White "Aumüller, Naum"]
[Black "Ensslinger, Colin"]
[Result "1/2-1/2"]
[Termination "normal"]
[Board "17"]
[WhiteElo "1674"]
[BlackElo "1729"]
[WhiteClock "00:12:42"]
[BlackClock "00:02:03"]
[PlyCount "68"]
[WhiteFideId "16263960"]
[BlackFideId "16226011"]
[EventCountry "GER"]
[EventRounds "9"]
[EventType "swiss"]
[EventDate "2021.08.22"]

1. e4 {[%clk 1:30:57]} c5 {[%clk 1:30:55]} 2. Nf3 {[%clk 1:31:24]} e6 {[%clk
1:31:20]} 3. d4 {[%clk 1:31:51]} cxd4 {[%clk 1:31:45]} 4. Nxd4 {[%clk 1:32:17]}
Nf6 {[%clk 1:32:10]} 5. Nc3 {[%clk 1:32:41]} d6 {[%clk 1:32:36]} 6. g4 {[%clk
1:33:02]} h6 {[%clk 1:33:01]} 7. h4 {[%clk 1:33:24]} Nc6 {[%clk 1:33:13]} 8.
Rg1 {[%clk 1:31:54]} d5 {[%clk 1:33:36]} 9. exd5 {[%clk 1:32:12]} Nxd5 {[%clk
1:34:02]} 10. Nxd5 {[%clk 1:32:22]} Qxd5 {[%clk 1:34:24]} 11. Bg2 {[%clk
1:32:38]} Qc4 {[%clk 1:34:48]} 12. Nxc6 {[%clk 1:31:24]} bxc6 {[%clk 1:33:49]}
13. Be3 {[%clk 1:19:25]} Be7 {[%clk 1:30:30]} 14. Qd4 {[%clk 1:13:45]} Qxd4
{[%clk 1:22:43]} 15. Bxd4 {[%clk 1:14:11]} Bd7 {[%clk 1:18:44]} 16. Bxg7 {[%clk
1:05:21]} Rg8 {[%clk 1:18:32]} 17. Bxh6 {[%clk 1:02:13]} Rxg4 {[%clk 1:17:41]}
18. Bg5 {[%clk 1:00:33]} Bxg5 {[%clk 1:14:29]} 19. hxg5 {[%clk 1:00:50]} Rxg5
{[%clk 1:14:52]} 20. O-O-O {[%clk 0:59:09]} Rg6 {[%clk 0:57:09]} 21. Bf3 {[%clk
0:46:25]} Rxg1 {[%clk 0:56:19]} 22. Rxg1 {[%clk 0:46:53]} Ke7 {[%clk 0:56:20]}
23. Rg5 {[%clk 0:40:49]} Rc8 {[%clk 0:52:17]} 24. b4 {[%clk 0:36:42]} Rb8
{[%clk 0:34:57]} 25. a3 {[%clk 0:33:35]} Rb5 {[%clk 0:33:56]} 26. Rxb5 {[%clk
0:33:26]} cxb5 {[%clk 0:34:20]} 27. Kd2 {[%clk 0:32:35]} e5 {[%clk 0:32:51]}
28. Bd5 {[%clk 0:28:58]} f5 {[%clk 0:30:42]} 29. c4 {[%clk 0:27:15]} Kd6 {[%clk
0:26:19]} 30. Kd3 {[%clk 0:22:00]} bxc4+ {[%clk 0:25:59]} 31. Kxc4 {[%clk
0:19:37]} f4 {[%clk 0:05:27]} 32. Be4 {[%clk 0:15:02]} Be6+ {[%clk 0:04:31]}
33. Kd3 {[%clk 0:13:48]} Ba2 {[%clk 0:03:03]} 34. Kc3 {[%clk 0:12:42]} Bd5
{[%clk 0:02:03]} 1/2-1/2

[Event "DEM U14 2021"]
[Site "Willingen GER"]
[Date "2021.08.27"]
[Round "7"]
[White "Kieselbach, Marvin"]
[Black "Uhlmann, Tim"]
[Result "0-1"]
[Termination "normal"]
[Board "18"]
[WhiteElo "1592"]
[BlackElo "1704"]
[WhiteClock "00:05:15"]
[BlackClock "01:03:35"]
[PlyCount "72"]
[WhiteFideId "16235770"]
[BlackFideId "16239210"]
[EventCountry "GER"]
[EventRounds "9"]
[EventType "swiss"]
[EventDate "2021.08.22"]

1. d4 {[%clk 1:30:39]} d5 {[%clk 1:30:56]} 2. Nf3 {[%clk 1:30:31]} Nf6 {[%clk
1:31:12]} 3. e3 {[%clk 1:30:56]} e6 {[%clk 1:31:37]} 4. Bd3 {[%clk 1:29:42]} c5
{[%clk 1:31:45]} 5. c3 {[%clk 1:30:08]} Nc6 {[%clk 1:32:10]} 6. Nbd2 {[%clk
1:29:30]} Bd6 {[%clk 1:31:30]} 7. O-O {[%clk 1:29:43]} O-O {[%clk 1:31:55]} 8.
dxc5 {[%clk 1:30:03]} Bxc5 {[%clk 1:32:07]} 9. e4 {[%clk 1:30:04]} Qc7 {[%clk
1:31:58]} 10. Qe2 {[%clk 1:29:46]} h6 {[%clk 1:31:45]} 11. e5 {[%clk 1:28:41]}
Ng4 {[%clk 1:30:26]} 12. Nb3 {[%clk 1:28:33]} Bb6 {[%clk 1:29:00]} 13. Bf4
{[%clk 1:27:34]} f6 {[%clk 1:27:12]} 14. Bg3 {[%clk 1:19:51]} Ngxe5 {[%clk
1:25:20]} 15. Nxe5 {[%clk 1:18:33]} fxe5 {[%clk 1:25:15]} 16. Bc2 {[%clk
1:16:19]} Qf7 {[%clk 1:24:32]} 17. Kh1 {[%clk 0:56:38]} e4 {[%clk 1:24:37]} 18.
f3 {[%clk 0:55:16]} Qh5 {[%clk 1:22:03]} 19. Qd2 {[%clk 0:48:37]} exf3 {[%clk
1:18:32]} 20. Qd3 {[%clk 0:40:49]} fxg2+ {[%clk 1:18:38]} 21. Kxg2 {[%clk
0:41:13]} Rf5 {[%clk 1:18:32]} 22. Rae1 {[%clk 0:29:05]} Bd7 {[%clk 1:17:04]}
23. c4 {[%clk 0:28:19]} Nb4 {[%clk 1:16:15]} 24. Rxf5 {[%clk 0:26:30]} Qxf5
{[%clk 1:13:45]} 25. Qxf5 {[%clk 0:26:47]} exf5 {[%clk 1:14:10]} 26. Bb1 {[%clk
0:24:51]} dxc4 {[%clk 1:14:33]} 27. Nd2 {[%clk 0:23:25]} Nd3 {[%clk 1:12:35]}
28. Re7 {[%clk 0:21:21]} Bc6+ 29. Kh3 {[%clk 0:19:14]} Nxb2 {[%clk 1:08:01]}
30. Bxf5 {[%clk 0:15:48]} c3 {[%clk 1:05:31]} 31. Nb3 {[%clk 0:13:12]} Re8
{[%clk 1:05:06]} 32. Rxe8+ {[%clk 0:10:35]} Bxe8 {[%clk 1:05:18]} 33. Be5
{[%clk 0:10:46]} Na4 {[%clk 1:05:17]} 34. Be4 {[%clk 0:10:05]} Be3 {[%clk
1:05:12]} 35. Nd4 {[%clk 0:09:37]} b5 {[%clk 1:04:03]} 36. Bxg7 {[%clk
0:05:15]} Bd7+ {[%clk 1:03:35]} 0-1

[Event "DEM U14 2021"]
[Site "Willingen GER"]
[Date "2021.08.27"]
[Round "7"]
[White "Udelnov, Valentin"]
[Black "Hoppstädter, Daniel"]
[Result "1-0"]
[Termination "normal"]
[Board "19"]
[WhiteElo "1728"]
[BlackElo "1743"]
[WhiteClock "00:25:01"]
[BlackClock "00:10:26"]
[PlyCount "75"]
[WhiteFideId "16265734"]
[BlackFideId "16243625"]
[EventCountry "GER"]
[EventRounds "9"]
[EventType "swiss"]
[EventDate "2021.08.22"]

1. e4 {[%clk 1:30:57]} g6 {[%clk 1:30:53]} 2. d4 {[%clk 1:31:17]} Bg7 {[%clk
1:31:18]} 3. Nf3 {[%clk 1:31:32]} d6 {[%clk 1:31:33]} 4. Nc3 {[%clk 1:30:25]}
Nf6 {[%clk 1:31:35]} 5. Bc4 {[%clk 1:29:36]} O-O {[%clk 1:31:33]} 6. O-O {[%clk
1:29:59]} c6 {[%clk 1:27:42]} 7. a4 {[%clk 1:25:18]} d5 {[%clk 1:25:30]} 8.
exd5 {[%clk 1:25:13]} Nxd5 {[%clk 1:21:49]} 9. Nxd5 {[%clk 1:20:47]} cxd5
{[%clk 1:22:16]} 10. Bd3 {[%clk 1:20:53]} Nc6 {[%clk 1:20:24]} 11. c3 {[%clk
1:21:11]} Qc7 {[%clk 1:19:39]} 12. Re1 {[%clk 1:18:53]} a5 {[%clk 1:15:35]} 13.
Qe2 {[%clk 1:11:01]} Bd7 {[%clk 1:06:09]} 14. Ne5 {[%clk 1:09:13]} f6 {[%clk
1:01:20]} 15. Nxd7 {[%clk 0:56:10]} Qxd7 {[%clk 1:01:38]} 16. c4 {[%clk
0:55:35]} Nxd4 {[%clk 1:00:05]} 17. Qf1 {[%clk 0:51:42]} dxc4 {[%clk 0:57:23]}
18. Bxc4+ {[%clk 0:52:07]} Kh8 {[%clk 0:57:33]} 19. Be3 {[%clk 0:49:04]} Nc2
{[%clk 0:49:14]} 20. Red1 {[%clk 0:48:53]} Qc7 {[%clk 0:48:41]} 21. Rac1 {[%clk
0:47:34]} Nxe3 {[%clk 0:48:36]} 22. fxe3 {[%clk 0:48:01]} Qb6 {[%clk 0:48:19]}
23. Qe2 {[%clk 0:47:01]} Bh6 {[%clk 0:40:55]} 24. Rd3 {[%clk 0:46:34]} Rac8
{[%clk 0:40:19]} 25. b3 {[%clk 0:46:04]} f5 {[%clk 0:33:15]} 26. Kh1 {[%clk
0:44:44]} e5 {[%clk 0:31:14]} 27. Rcd1 {[%clk 0:43:31]} e4 {[%clk 0:29:10]} 28.
Rd7 {[%clk 0:39:21]} Bg7 {[%clk 0:19:25]} 29. R1d6 {[%clk 0:34:49]} Rc6 {[%clk
0:16:59]} 30. Rd5 {[%clk 0:33:14]} h5 {[%clk 0:13:55]} 31. Rb5 {[%clk 0:29:36]}
Qa6 {[%clk 0:10:06]} 32. Rbxb7 {[%clk 0:29:12]} Rxc4 {[%clk 0:10:24]} 33. Qxc4
{[%clk 0:25:28]} Qf6 {[%clk 0:10:49]} 34. Qd4 {[%clk 0:24:57]} Rc8 {[%clk
0:11:10]} 35. g3 {[%clk 0:24:12]} Qxd4 {[%clk 0:11:17]} 36. exd4 {[%clk
0:24:35]} Rc1+ {[%clk 0:10:27]} 37. Kg2 {[%clk 0:25:01]} e3 {[%clk 0:10:26]}
38. Kf3 1-0

[Event "DEM U14 2021"]
[Site "Willingen GER"]
[Date "2021.08.27"]
[Round "7"]
[White "Kieselbach, Jannik"]
[Black "Herter, Arne"]
[Result "1/2-1/2"]
[Termination "normal"]
[Board "20"]
[WhiteElo "1462"]
[BlackElo "1740"]
[WhiteClock "00:07:20"]
[BlackClock "00:03:14"]
[PlyCount "56"]
[WhiteFideId "16246403"]
[BlackFideId "16255372"]
[EventCountry "GER"]
[EventRounds "9"]
[EventType "swiss"]
[EventDate "2021.08.22"]

1. e4 {[%clk 1:30:57]} e5 {[%clk 1:30:56]} 2. Nf3 {[%clk 1:31:12]} Nc6 {[%clk
1:31:20]} 3. d4 {[%clk 1:31:30]} exd4 {[%clk 1:31:45]} 4. Nxd4 {[%clk 1:31:51]}
Nf6 {[%clk 1:32:08]} 5. Nc3 {[%clk 1:32:03]} Bb4 {[%clk 1:32:29]} 6. Nxc6
{[%clk 1:32:08]} bxc6 {[%clk 1:32:54]} 7. Bd2 {[%clk 1:30:16]} O-O {[%clk
1:30:41]} 8. Bd3 {[%clk 1:18:23]} d5 {[%clk 1:27:34]} 9. O-O {[%clk 1:08:10]}
Rb8 {[%clk 1:13:47]} 10. a3 {[%clk 0:54:40]} Bd6 {[%clk 1:02:51]} 11. Bg5
{[%clk 0:45:36]} Rxb2 {[%clk 0:36:15]} 12. exd5 {[%clk 0:43:58]} Be5 {[%clk
0:30:37]} 13. Qd2 {[%clk 0:39:24]} cxd5 {[%clk 0:18:19]} 14. Nxd5 {[%clk
0:36:45]} Qxd5 {[%clk 0:13:14]} 15. Bxf6 {[%clk 0:36:01]} Bb7 {[%clk 0:09:52]}
16. Bxh7+ {[%clk 0:35:18]} Kxh7 {[%clk 0:09:58]} 17. Qxd5 {[%clk 0:35:10]} Bxd5
{[%clk 0:10:08]} 18. Bxe5 {[%clk 0:34:52]} Rxc2 {[%clk 0:10:05]} 19. Rac1
{[%clk 0:33:15]} Rxc1 {[%clk 0:09:45]} 20. Rxc1 {[%clk 0:33:30]} c6 {[%clk
0:09:52]} 21. Bd4 {[%clk 0:26:53]} a6 {[%clk 0:09:25]} 22. Rc3 {[%clk 0:26:13]}
f6 {[%clk 0:06:54]} 23. f3 {[%clk 0:24:38]} Kg6 {[%clk 0:05:16]} 24. Kf2 {[%clk
0:23:33]} Re8 {[%clk 0:05:00]} 25. g4 {[%clk 0:22:10]} Kf7 {[%clk 0:03:59]} 26.
h4 {[%clk 0:21:16]} g6 {[%clk 0:04:02]} 27. Rc2 {[%clk 0:09:54]} Rb8 {[%clk
0:03:34]} 28. Rb2 {[%clk 0:07:20]} Rxb2+ {[%clk 0:03:14]} 1/2-1/2

[Event "DEM U14 2021"]
[Site "Willingen GER"]
[Date "2021.08.27"]
[Round "7"]
[White "Leubner, Paul Damdin"]
[Black "Schott, Andy"]
[Result "1-0"]
[Termination "normal"]
[Board "21"]
[WhiteElo "1407"]
[BlackElo "1555"]
[WhiteClock "00:04:40"]
[BlackClock "00:01:25"]
[PlyCount "71"]
[WhiteFideId "16265858"]
[BlackFideId "16244940"]
[EventCountry "GER"]
[EventRounds "9"]
[EventType "swiss"]
[EventDate "2021.08.22"]

1. e4 {[%clk 1:30:58]} c5 {[%clk 1:30:55]} 2. Nf3 {[%clk 1:31:23]} d6 {[%clk
1:31:21]} 3. d4 {[%clk 1:31:45]} cxd4 {[%clk 1:31:49]} 4. Nxd4 {[%clk 1:32:08]}
Nf6 {[%clk 1:32:13]} 5. Nc3 {[%clk 1:32:23]} a6 {[%clk 1:32:37]} 6. h3 {[%clk
1:32:32]} b5 {[%clk 1:31:10]} 7. a3 {[%clk 1:30:56]} Bb7 {[%clk 1:30:27]} 8.
Qe2 {[%clk 1:26:30]} Qc7 {[%clk 1:24:27]} 9. g4 {[%clk 1:24:39]} Nc6 {[%clk
1:16:16]} 10. Nxc6 {[%clk 1:17:47]} Qxc6 {[%clk 1:15:22]} 11. Bg2 {[%clk
1:15:35]} e6 {[%clk 1:05:33]} 12. g5 {[%clk 1:11:34]} Nd7 {[%clk 1:05:25]} 13.
f4 {[%clk 1:04:32]} Qc4 {[%clk 0:58:19]} 14. Qxc4 {[%clk 0:57:53]} bxc4 {[%clk
0:58:47]} 15. Be3 {[%clk 0:57:35]} Be7 {[%clk 0:58:24]} 16. O-O-O {[%clk
0:53:50]} O-O {[%clk 0:37:09]} 17. h4 {[%clk 0:45:29]} Rab8 {[%clk 0:19:44]}
18. Rhg1 {[%clk 0:34:03]} Rfc8 {[%clk 0:14:44]} 19. f5 {[%clk 0:28:43]} exf5
{[%clk 0:12:36]} 20. exf5 {[%clk 0:27:17]} Nc5 {[%clk 0:09:09]} 21. Bxb7 {[%clk
0:22:07]} Rxb7 {[%clk 0:09:38]} 22. f6 {[%clk 0:21:25]} Bf8 {[%clk 0:09:25]}
23. Nd5 {[%clk 0:19:43]} Ne6 {[%clk 0:08:00]} 24. h5 {[%clk 0:15:36]} Rcb8
{[%clk 0:06:45]} 25. fxg7 {[%clk 0:10:18]} Bxg7 {[%clk 0:04:52]} 26. Nf6+
{[%clk 0:09:49]} Kh8 {[%clk 0:05:18]} 27. Rxd6 {[%clk 0:08:13]} Rxb2 {[%clk
0:05:04]} 28. Kd2 {[%clk 0:07:18]} Rd8 {[%clk 0:02:16]} 29. Rxd8+ {[%clk
0:06:43]} Nxd8 {[%clk 0:02:45]} 30. Bc5 {[%clk 0:05:09]} Rb5 {[%clk 0:01:48]}
31. Bb4 {[%clk 0:04:14]} Ne6 {[%clk 0:01:34]} 32. h6 {[%clk 0:03:58]} Bxf6
{[%clk 0:01:27]} 33. gxf6 {[%clk 0:04:22]} Rh5 {[%clk 0:00:44]} 34. Kc3 {[%clk
0:04:17]} Rxh6 {[%clk 0:01:03]} 35. Kxc4 {[%clk 0:04:40]} Rxf6 {[%clk 0:01:25]}
36. Bc3 1-0